| 000 | 00505nam a2200181Ia 4500 | ||
|---|---|---|---|
| 001 | 8925 | ||
| 005 | 20260306160645.0 | ||
| 008 | 260306t2017||||xx |||||||||||||| ||spa|| | ||
| 041 | _aESP | ||
| 082 |
_a371.926 _bL87 |
||
| 100 |
_aLópez Larrosa, Silvia _eAUT |
||
| 245 | 0 |
_aPrograma MUPO. Mentes únicas: _bprogramas para la mejora socioemocional de las dificultades de aprendizaje |
|
| 260 | _c2017 | ||
| 300 |
_a340 páginas : _c23 cm. |
||
| 650 | _aGEN | ||
| 654 | _aCED | ||
| 942 |
_cLIB _dJUS _fJUS _2ddc _n |
||
| 999 |
_c8925 _d8925 |
||